Statistics for U.S. Presidential Firsts #2

Click here to take the quiz!

General Stats

  • This quiz has been taken 27 times
  • The average score is 15 of 20

Answer Stats

First U.S. President to . . .Answer% Correct
. . . be sworn in by a woman?Lyndon B. Johnson
96%
. . . ride in a submarine?Theodore Roosevelt
96%
. . . publish a scientific paper while in office?Barack Obama
83%
. . . win a Grammy Award?Bill Clinton
83%
. . . attend an Olympic Games in a foreign country while in office?George W. Bush
83%
. . . live in the White House?John Adams
83%
. . . command a standing field army while in office?George Washington
74%
. . . pardon a turkey?Harry S. Truman
74%
. . . be born west of the Mississippi River?Herbert Hoover
74%
. . . ascend to the Presidency by the death of his predecessor?John Tyler
74%
. . . be elected twice to both the Presidency and Vice-Presidency?Richard Nixon
74%
. . . ride on a railroad train?Andrew Jackson
70%
. . . not be right-handed?James A. Garfield
70%
. . . have a mustache?Ulysses S. Grant
70%
. . . have his voice recorded?Benjamin Harrison
65%
. . . have served in no prior elected office?Zachary Taylor
65%
. . . wear long trousers instead of knee breeches?James Madison
61%
. . . be filmed?Grover Cleveland
57%
. . . be born in the 1800s?Millard Fillmore
52%
. . . meet with the Pope while in office?Woodrow Wilson
52%

Score Distribution

Percentile by Number Answered

Percent of People with Each Score

Your Score History

You have not taken this quiz